Statistics for Flags With Crosses

Click here to take the quiz!

General Stats

  • This quiz has been taken 47 times
  • The average score is 26 of 28

Answer Stats

Answer% Correct
Australia
100%
Denmark
100%
Greece
100%
Iceland
100%
Jamaica
100%
New Zealand
100%
Norway
100%
Portugal
100%
Spain
100%
Sweden
100%
Switzerland
100%
United Kingdom
100%
Finland
97%
Vatican City
97%
Georgia
95%
Slovakia
95%
North Macedonia
92%
Fiji
89%
Montenegro
89%
San Marino
89%
Serbia
89%
Moldova
84%
Dominican Republic
82%
Tonga
79%
Burundi
76%
Dominica
76%
Tuvalu
76%
Marshall Islands
68%

Score Distribution

Percentile by Number Answered

Percent of People with Each Score

Your Score History

You have not taken this quiz